Материал многократного использования для очистки питьевой воды от железа и марганца на основе гранулированной пеностеклокерамики; Известия Кабардино-Балкарского государственного университета; Т. 4, № 4
| Parent link: | Известия Кабардино-Балкарского государственного университета.— , 2010- Т. 4, № 4.— 2014.— [С. 25-29] |
|---|---|
| Yazar: | |
| Müşterek Yazar: | |
| Diğer Yazarlar: | |
| Özet: | Заглавие с экрана Разработан и исследован новый фильтрующий материал для очистки питьевой воды от железа и марганца, который содержит в качестве основы гранулированную пеностеклокерамику, полученную путём вторичной переработки стеклобоя. Определены физико-технические характеристики пеностек- локерамических гранул. Проведены исследования и лабораторные испытания фильтрующего материала на водах различных источников. Сделан вывод о том, что комплекс оксидов и гидроксидов, полученный на поверхности пеностеклокерамических гранул, позволяет удалять из воды железо и марганец. Material reusable for drinking water iron and manganese based granulated penosteklokeramiki Режим доступа: по договору с организацией-держателем ресурса |
| Dil: | Rusça |
| Baskı/Yayın Bilgisi: |
2014
|
| Konular: | |
| Online Erişim: | http://elibrary.ru/item.asp?id=22793385 http://izvestia.kbsu.ru/arhiv/t4n4_2014.pdf#page=25 |
| Materyal Türü: | MixedMaterials Elektronik Kitap Bölümü |
| KOHA link: | https://koha.lib.tpu.ru/cgi-bin/koha/opac-detail.pl?biblionumber=639617 |
MARC
| LEADER | 00000naa0a2200000 4500 | ||
|---|---|---|---|
| 001 | 639617 | ||
| 005 | 20250218093522.0 | ||
| 035 | |a (RuTPU)RU\TPU\network\4105 | ||
| 035 | |a RU\TPU\network\3878 | ||
| 090 | |a 639617 | ||
| 100 | |a 20150318d2014 k||y0rusy50 ca | ||
| 101 | 0 | |a rus | |
| 102 | |a RU | ||
| 135 | |a drcn ---uucaa | ||
| 181 | 0 | |a i | |
| 182 | 0 | |a b | |
| 200 | 1 | |a Материал многократного использования для очистки питьевой воды от железа и марганца на основе гранулированной пеностеклокерамики |d The environmentally safety and resource-saving technology for obtaining thermal insulation material - granular foamed glass ceramic, is developed on the base of using domestic and industrial broken glass, red clay and organic additive. Physics-technique characters of granular foamed glass ceramic are obtain. Results of laboratory and exploitations tests is show on the different waters Conclusion was made about that oxide and hydroxide on the face. |f А. С. Апкарьян, Т. А. Губайдулина | |
| 203 | |a Текст |c электронный | ||
| 300 | |a Заглавие с экрана | ||
| 320 | |a [Библиогр.: с. 29 (5 назв.)] | ||
| 330 | |a Разработан и исследован новый фильтрующий материал для очистки питьевой воды от железа и марганца, который содержит в качестве основы гранулированную пеностеклокерамику, полученную путём вторичной переработки стеклобоя. Определены физико-технические характеристики пеностек- локерамических гранул. Проведены исследования и лабораторные испытания фильтрующего материала на водах различных источников. Сделан вывод о том, что комплекс оксидов и гидроксидов, полученный на поверхности пеностеклокерамических гранул, позволяет удалять из воды железо и марганец. | ||
| 330 | |a Material reusable for drinking water iron and manganese based granulated penosteklokeramiki | ||
| 333 | |a Режим доступа: по договору с организацией-держателем ресурса | ||
| 461 | |t Известия Кабардино-Балкарского государственного университета |d 2010- | ||
| 463 | |t Т. 4, № 4 |v [С. 25-29] |d 2014 | ||
| 510 | 1 | |a The environmentally safety and resource-saving technology for obtaining thermal insulation material - granular foamed glass ceramic, is developed on the base of using domestic and industrial broken glass, red clay and organic additive. Physics-technique characters of granular foamed glass ceramic are obtain. Results of laboratory and exploitations tests is show on the different waters Conclusion was made about that oxide and hydroxide on the face. |z eng | |
| 610 | 1 | |a электронный ресурс | |
| 610 | 1 | |a труды учёных ТПУ | |
| 610 | 1 | |a вода | |
| 610 | 1 | |a питьевая вода | |
| 610 | 1 | |a железо | |
| 610 | 1 | |a марганец | |
| 610 | 1 | |a пеностеклокерамика | |
| 610 | 1 | |a очистка | |
| 700 | 1 | |a Апкарьян |b А. С. | |
| 701 | 1 | |a Губайдулина |b Т. А. |c химик |c ведущий инженер Томского политехнического университета |f 1949- |g Татьяна Анатольевна |3 (RuTPU)RU\TPU\pers\33821 |9 17415 | |
| 712 | 0 | 2 | |a Национальный исследовательский Томский политехнический университет (ТПУ) |b Юргинский технологический институт (филиал) (ЮТИ) |b Отдел организации практик и трудоустройства (ООПТ) |3 (RuTPU)RU\TPU\col\19049 |
| 801 | 2 | |a RU |b 63413507 |c 20160212 |g RCR | |
| 856 | 4 | |u http://elibrary.ru/item.asp?id=22793385 | |
| 856 | 4 | 0 | |u http://izvestia.kbsu.ru/arhiv/t4n4_2014.pdf#page=25 |
| 942 | |c CF | ||